000 005500000a22002050004500
003 LK-CoMWRAF
005 20240113130834.0
008 230817t1977 ||||| |||| 00| 0 eng d
040 _aLK-CoMWRAF
_dLK-CoMWRAF
_eLK-CoMWRAF
041 _aeng
082 _a954.92
_bAHM
100 _a Ahmed, Nazimuddin
245 _a Islamic heritage of Bangladesh
260 _aDacca:
_bBangladesh Parjatan Corporation,
_c1977
300 _a35 p.
650 _aBangladesh Civilization
650 _aIslam- Bangladesh
700 _aSaaduddin, K.M.
942 _cBK
999 _c2312
_d2312